Japan Breeding farm's Cup Classic Winning Horse - Statistics

General Stats
  • This quiz has been taken 5 times
  • The average score is 4 of 16
Answer Stats
Answer % Correct
Hokko Tarumae ホッコータルマエ
60%
Smart Falcon スマートファルコン
60%
Wonder Acute ワンダーアキュート
60%
Admire Don アドマイヤドン
40%
Copano Rickey コパノリッキー
40%
Regular Member レギュラーメンバー
40%
Time Paradox タイムパラドックス
40%
Vermillion ヴァーミリアン
20%
Awardee アウォーディー
0%
Chrysoberyl クリソベリル
0%
Chuwa Wizard チュウワウィザード
0%
King's Sword キングズソード
0%
K T Brave ケイティブレイブ
0%
Mutually ミューチャリー
0%
Sound True サウンドトゥルー
0%
T O Keynes テーオーケインズ
0%
No matching quizzes found
Score Distribution
Percent of People with Each Score
Percentile by Number Answered
Your Score History
You have not taken this quiz